LEADER 01161nam a2200289 i 4500 001 000000146242 003 CaOOAMICUS 005 20060201000000.0 008 060201s2005 it u000 u ita u 013 $a122923 020 $a88-420-7650-3 040 $aSeMil$bita 245 10$aFilosofia della comunicazione /$ca cura di Claudia Bianchi e Nicla Vassallo. 260 $aBari :$bLaterza,$c2005. 300 $aXIV, 175 p. ;$c21 cm. 490 0 $aManuali Laterza ;$v216 500 $aContiene : Bibliografia. 650 4$aComunicazione - Filosofia.$0(OLS)http://semarc/subject/5015 700 1 $aVassallo, Nicla <1963- >.$0(OLS)http://semarc/name/45603 700 1 $aBianchi, Claudia.$0(OLS)http://semarc/name/52385 830 0$aManuali Laterza ;$v216.$0(OLS)http://semarc/title/5929 850 $aSeMil 852 $aSeMil$W1$xVenegono$y1$m2P VI 110$j98935$B98935$CSeMilBibl$Z2$F107260 $81 961 $aAcquisto: Mescat 996 $6020$a88-420-7650-3$9(OLS)http://semarc/number/134762 996 $6245$aFilosofia della comunicazione$9(OLS)http://semarc/title/213862 996 $6260$aBari :$bLaterza$9(OLS)http://semarc/publisher/29858 LEADER 00526nas a2200157 i 4500 001 000000004937 003 CaOOAMICUS 005 20180830125437.0 008 180830s2017 it u0 ita u 040 $aSeMil$bita 245 10$aZwingli: Opere scelte. 260 $aTorino :$bClaudiana,$c2017. 300 $av. ;$c22 cm. 700 1 $aZwingli, Huldrych <1484-1531>.$0(OLS)http://semarc/name/14063 996 $6245$aZwingli: Opere scelte$9(OLS)http://semarc/title/400682 996 $6260$aTorino :$bClaudiana$9(OLS)http://semarc/publisher/29837